[Event "I Mem Mauricio Maghelly - ALEX 2023"]
[Site "Rio de Janeiro"]
[Date "2023.02.07"]
[Round "4.2"]
[White "Mesquita, Arnaldo Leite"]
[Black "Dias, Matheus Braga"]
[Result "0-1"]
[WhiteElo "1760"]
[BlackElo "1885"]
[Annotator "Stockfish 15.1"]
[PlyCount "53"]
[EventDate "2023.01.30"]
[EventCountry "BRA"]

{[%evp 0,53,26,19,31,-20,44,44,58,52,70,16,26,-25,25,9,58,17,17,-8,-1,-33,15,5,
5,-13,-3,-46,18,-11,9,-40,-84,-99,-40,-74,-59,-57,-57,-57,-57,-74,-61,-86,-86,
-84,-119,-844,-802,-1074,-1027,-1136,-544,-1490,-2366,-29999]} 1. d4 Nf6 2. c4
g6 3. Nc3 d5 4. Nf3 Bg7 5. e3 O-O 6. b4 a5 7. b5 c5 8. cxd5 $6 {Inaccuracy.
dxc5 was best.} (8. dxc5 Nbd7 9. Ba3 Ne4 10. Nxe4 dxe4 11. Nd4 Ne5 12. Rc1 Re8)
8... Nxd5 9. Bb2 a4 10. Rc1 a3 11. Ba1 Be6 12. Nxd5 Bxd5 13. Bc4 cxd4 14. Bxd4
Qa5+ 15. Ke2 Bxc4+ 16. Rxc4 Qxb5 17. Qc2 Nc6 $6 {Inaccuracy. Rc8 was best.} (
17... Rc8 18. Rc1 Nc6 19. Ke1 e5 20. Ba1 Rc7 21. Qc3 Qa6 22. Rc5 Bf8 23. Rc4 f6
24. Nd2) 18. Bxg7 Kxg7 19. Rb1 Qa6 20. Ke1 Rfd8 21. Qc3+ f6 22. Ng5 $4 {
Blunder. Rc5 was best.} (22. Rc5 h5 23. Qc4 Qxc4 24. Rxc4 Rd7 25. Rc3 Kh6 26.
Rcb3 Ra4 27. Nd2 Rc7 28. Rc3 Rh4) 22... Ne5 23. Rxb7 $6 {Inaccuracy. Rd4 was
best.} (23. Rd4 Rac8 24. Qb4 Re8 25. Qxb7 Qxb7 26. Rxb7 fxg5 27. Rb3 Rc1+ 28.
Rd1 Rc2 29. Rd2 Rec8) 23... Qxb7 24. Ne6+ Kh8 25. Nxd8 Rxd8 26. Rc7 $6 {
Inaccuracy. Rd4 was best.} (26. Rd4 Qb1+ 27. Kd2 Qxa2+ 28. Qc2 Rxd4+ 29. exd4
Nc4+ 30. Kc3 Qxc2+ 31. Kxc2 a2 32. Kb3 a1=R) 26... Qb1+ 27. Ke2 $6 {Checkmate
is now unavoidable. Qc1 was best.} (27. Qc1 Nd3+ 28. Kf1 Qxc1+ 29. Rxc1 Nxc1
30. f3 Nxa2 31. h4 Nc3 32. Kf2 a2 33. g4 Kg8) 0-1

[Event "I Mem Mauricio Maghelly - ALEX 2023"]
[Site "Rio de Janeiro"]
[Date "2023.02.07"]
[Round "4.3"]
[White "Rodrigues, Nei Jorge"]
[Black "Figueiredo, Francisco Marques"]
[Result "1-0"]
[WhiteElo "1845"]
[BlackElo "1911"]
[Annotator "Stockfish 15.1"]
[PlyCount "79"]
[EventDate "2023.01.30"]
[EventCountry "BRA"]

{[%evp 0,79,31,18,23,-23,33,-27,-29,-27,-11,-16,-26,-22,3,7,7,27,23,26,37,44,
66,57,63,19,73,42,74,72,75,64,74,56,56,47,121,88,127,76,90,105,105,50,137,126,
149,143,126,127,115,91,77,75,75,41,75,26,26,35,31,-5,-7,13,23,39,43,49,41,-125,
211,258,271,277,423,529,529,507,848,514,1201,1022]} 1. Nf3 Nf6 2. g3 g6 3. b4
$6 {Inaccuracy. c4 was best.} (3. c4 Bg7 4. Bg2 O-O 5. O-O c6 6. b3 Ne4 7. d4
d5) 3... Bg7 4. Bb2 O-O 5. Bg2 d5 6. O-O c6 7. d3 Na6 $6 {Inaccuracy. a5 was
best.} (7... a5 8. bxa5 Qxa5 9. a4 c5 10. Qc1 Nc6 11. Na3 Qb4 12. c3) 8. a3 Nc7
9. Nbd2 Re8 10. c4 Ne6 11. Qc2 Bd7 12. Rac1 Rc8 13. Rfd1 Bh6 14. h4 Nf8 15. Ne5
Ng4 16. Nxd7 Qxd7 17. e4 dxe4 18. dxe4 Nf6 $6 {Inaccuracy. Rcd8 was best.} (
18... Rcd8 19. Nb3 Qc7 20. Qc3 Nf6 21. Rb1 Bg7 22. Bh3 h5 23. c5 Rxd1+ 24. Rxd1
Rd8 25. Re1) 19. f4 Rcd8 20. e5 $6 {Inaccuracy. Nf1 was best.} (20. Nf1 Qg4 21.
Qb3 Qc8 22. c5 Rxd1 23. Rxd1 Rd8 24. Ne3 Nh5 25. Kf2 a5 26. Nc4 Rxd1) 20... Nh5
21. Nf1 Qc7 $6 {Inaccuracy. Qg4 was best.} (21... Qg4 22. Rd3 Bxf4 23. Bf3 Qh3
24. Bg2 Qg4) 22. Bf3 Ng7 $6 {Inaccuracy. Nxg3 was best.} (22... Nxg3) 23. Ne3
Nfe6 24. Ng4 Nf5 25. Nxh6+ $4 {Blunder. Be4 was best.} (25. Be4 Bf8 26. Bxf5
gxf5 27. Qxf5 a5 28. Qc2 axb4 29. axb4 Qb6+ 30. Kg2 h5 31. f5 Nf4+) 25... Nxh6
26. Qf2 Nf5 $6 {Inaccuracy. Rxd1+ was best.} (26... Rxd1+ 27. Rxd1 Rd8 28. Bc3
Rxd1+ 29. Bxd1 c5 30. g4 cxb4 31. Bxb4 Qxc4 32. Qd2 Kg7 33. Bxe7) 27. h5 Rxd1+
28. Rxd1 Rd8 29. hxg6 hxg6 30. Kg2 Rxd1 31. Bxd1 Qd8 32. Bc2 Nfd4 33. Be4 Kg7
34. g4 $4 {Blunder. Qd2 was best.} (34. Qd2 b6) 34... Qd7 $4 {Blunder. Ne2 was
best.} (34... Ne2) 35. f5 gxf5 36. gxf5 Ng5 $6 {Inaccuracy. Kg8 was best.} (
36... Kg8 37. fxe6) 37. Bxd4 f6 38. Qe3 Qd8 $2 {Mistake. Nxe4 was best.} (38...
Nxe4 39. Qxe4 Kf8 40. exf6 exf6 41. Bxf6 Qd2+ 42. Kg3 Qd6+ 43. Be5 Qd2 44. Bd4
Qg5+ 45. Qg4) 39. Bc2 $2 {Mistake. exf6+ was best.} (39. exf6+ exf6 40. Qxg5+
Kf8 41. Bxf6 Qxf6 42. Qxf6+ Ke8 43. Bxc6+ bxc6 44. Qxc6+ Ke7 45. Qb7+ Kf6)
39... Qh8 $6 {Inaccuracy. Kf7 was best.} (39... Kf7 40. Kf1 b6 41. Ke2 Kf8 42.
Bc3 Kf7 43. e6+ Kf8 44. Bd2 Kg7 45. Qg3 Qh8) 40. Qxg5+ 1-0

[Event "I Mem Mauricio Maghelly - ALEX 2023"]
[Site "Rio de Janeiro"]
[Date "2023.02.07"]
[Round "4.1"]
[White "Rangel, Daniel"]
[Black "Fernandes, Joao Manoel Strauss"]
[Result "1-0"]
[WhiteElo "2220"]
[BlackElo "1733"]
[Annotator "Stockfish 15.1"]
[PlyCount "87"]
[EventDate "2023.01.30"]
[EventCountry "BRA"]

{[%evp 0,87,27,-30,-2,-48,-42,-55,-55,-55,-46,-40,-31,-75,4,20,36,32,41,39,35,
25,16,-13,28,32,40,-30,-36,-46,-48,-48,-58,-66,27,32,37,49,50,57,88,88,88,95,
99,69,71,86,73,73,92,92,97,99,109,105,105,104,112,102,111,116,105,102,118,109,
109,115,127,118,135,133,157,112,250,250,254,248,303,353,379,335,653,357,817,
890,1790,1859,1847,1910]} 1. c4 Nf6 2. g3 e5 3. Bg2 d5 4. cxd5 Nxd5 5. Nf3 Nc6
6. O-O Be7 7. d4 exd4 8. Nxd4 Nxd4 9. Qxd4 Nf6 10. Qa4+ c6 11. Rd1 Qb6 12. Be3
Bc5 13. Rd3 Bxe3 14. Rxe3+ Be6 15. Nc3 O-O 16. h3 Nd5 $6 {Inaccuracy. Rad8 was
best.} (16... Rad8 17. Qc2 Rd4 18. Na4 Qa5 19. b3 Bc8 20. Qc3 Qxc3 21. Nxc3
Rfd8 22. Kf1 h5 23. Ke1) 17. Nxd5 Bxd5 18. Bxd5 cxd5 $6 {Inaccuracy. Qxb2 was
best.} (18... Qxb2) 19. Qb3 Qxb3 20. Rxb3 b6 21. Rd1 Rfe8 22. Kf1 Rad8 23. Rbd3
Re5 24. f4 Re7 25. Rxd5 Rde8 26. R1d2 Re3 27. R5d3 R3e7 28. Kf2 h5 29. Rd7 g6
30. Rxe7 Rxe7 31. Kf3 Kg7 32. e4 Rc7 33. e5 Re7 $6 {Inaccuracy. Kf8 was best.}
(33... Kf8 34. g4) 34. g4 hxg4+ 35. hxg4 f6 $6 {Inaccuracy. g5 was best.} (
35... g5 36. b3) 36. Ke4 g5 $6 {Inaccuracy. fxe5 was best.} (36... fxe5 37.
fxe5 Rc7 38. b3 Kf7 39. Rd6 Rc5 40. Rf6+ Ke8 41. Rxg6 Rc2 42. a4 Rc3 43. Rg7)
37. Kf5 fxe5 38. fxe5 a5 $6 {Inaccuracy. Rc7 was best.} (38... Rc7 39. Kxg5 a5
40. Kf5 Kf8 41. e6 Rc1 42. Rd8+ Ke7 43. Rd7+ Ke8 44. Rb7 Rf1+ 45. Kg6) 39. Rd6
b5 $6 {Inaccuracy. Rf7+ was best.} (39... Rf7+ 40. Kxg5 Rc7 41. Rxb6 a4 42. b4
Rc2 43. Rb7+ Kf8 44. a3 Rc3 45. Ra7 Rxa3 46. b5) 40. Rd5 $6 {Inaccuracy. e6
was best.} (40. e6 Re8 41. Rd7+ Kg8 42. Kf6 Rf8+ 43. Kxg5 Rf2 44. Rd8+ Kg7 45.
e7 Re2 46. e8=Q Rxe8) 40... Rb7 $6 {Inaccuracy. Rf7+ was best.} (40... Rf7+ 41.
Kxg5 a4 42. e6 Rf2 43. Rxb5 a3 44. bxa3 Re2 45. a4 Rxe6 46. a5 Rg6+ 47. Kf5)
41. Kxg5 $6 {Inaccuracy. e6 was best.} (41. e6 Rb8 42. Rd7+ Kg8 43. e7 Kf7 44.
Rd8 Kxe7 45. Rxb8 b4 46. Rb5 Kd6 47. Rxa5 b3) 41... a4 $6 {Inaccuracy. Rc7 was
best.} (41... Rc7 42. e6 Rc4 43. Rxb5 a4 44. Rb7+ Kf8 45. b3 Rd4 46. Kf5 Rd3
47. bxa4 Rf3+ 48. Kg6) 42. e6 Kf8 43. Kf6 Ke8 44. Rh5 1-0

[Event "I Mem Mauricio Maghelly - ALEX 2023"]
[Site "Rio de Janeiro"]
[Date "2023.02.07"]
[Round "4.6"]
[White "Leite, Tarcisio Dantas Fro"]
[Black "Carvalho, Joao Galetti"]
[Result "0-1"]
[WhiteElo "1506"]
[BlackElo "1531"]
[Annotator "Stockfish 15.1"]
[PlyCount "80"]
[EventDate "2023.01.30"]
[EventCountry "BRA"]

{[%evp 0,32,80,5,72,-30,23,-28,-7,-93,-30,-58,-38,-85,23,-32,-32,-46,43,-42,10,
-8,17,14,9,3,42,24,17,-26,-29,-46,-43,-62,-12]} 1. d4 Nf6 2. c4 e6 3. Nc3 Bb4
4. Qc2 O-O 5. Nf3 d5 6. e3 c5 7. Bd3 dxc4 8. Bxc4 a6 9. Be2 Nc6 $6 {Inaccuracy.
cxd4 was best.} (9... cxd4 10. Nxd4 e5 11. Nf5 g6 12. Ng3 Be6 13. O-O Nbd7 14.
e4 Rc8 15. Bh6 Re8 16. h3) 10. dxc5 Bxc5 11. O-O Nb4 12. Qb1 b5 13. a3 Nbd5 14.
Bd2 $6 {Inaccuracy. Nxd5 was best.} (14. Nxd5 Nxd5) 14... Bb7 15. b4 Bb6 16.
Rd1 Qe7 17. Qb2 Rac8 18. Rac1 Rfd8 19. Qb1 Rc7 20. Ne5 Rdc8 21. Na2 $6 {
Inaccuracy. Nxd5 was best.} (21. Nxd5 Bxd5 22. Bf3 Qd6 23. Rxc7 Rxc7 24. Bxd5
Nxd5 25. Nf3 Qc6 26. Rc1 Qd7 27. Ng5 Nf6) 21... Qd6 22. Nf3 Qe7 23. Rxc7 Bxc7
24. e4 $4 {Blunder. Be1 was best.} (24. Be1 Nb6 25. h3 e5 26. Nd2 e4 27. Nb3
Qe5 28. g3 Na4 29. Nc5 Nxc5 30. bxc5 Qxc5) 24... Nb6 $2 {Mistake. Nf4 was best.
} (24... Nf4 25. Bxf4) 25. Nc3 $6 {Inaccuracy. Bd3 was best.} (25. Bd3) 25...
Nfd7 $6 {Inaccuracy. Bb8 was best.} (25... Bb8 26. Qa1) 26. Qd3 $2 {Mistake.
Bg5 was best.} (26. Bg5 Qe8) 26... Ne5 27. Nxe5 Bxe5 28. Bf3 $6 {Inaccuracy.
f4 was best.} (28. f4) 28... Nc4 29. Rc1 $4 {Blunder. Bc1 was best.} (29. Bc1
Nxa3) 29... Rd8 30. Nd5 exd5 31. exd5 Nxd2 32. Qxd2 Qf6 33. Rd1 Bb2 34. Qd3 Qc3
35. Qf5 Bxa3 36. h3 Bxb4 37. Be4 g6 38. Qg5 Qc8 39. Rc1 Qd7 40. Qf4 Bxd5 {
0-1 Black wins.} 0-1

[Event "I Mem Mauricio Maghelly - ALEX 2023"]
[Site "Rio de Janeiro"]
[Date "2023.02.07"]
[Round "4.8"]
[White "Rial, Antonio Marcos Pino"]
[Black "De Oliveira, Sergio Patricio"]
[Result "1-0"]
[WhiteElo "1635"]
[BlackElo "1622"]
[Annotator "Stockfish 15.1"]
[PlyCount "79"]
[EventDate "2023.01.30"]
[EventCountry "BRA"]

{[%evp 0,79,26,19,31,19,57,33,50,15,6,8,23,11,22,18,62,11,10,-7,-8,-7,-7,-10,
-15,-15,17,2,14,-13,10,10,-5,-10,-6,4,4,37,84,71,92,20,19,48,175,166,142,142,
220,227,233,234,235,240,238,245,242,247,239,240,240,240,240,240,221,279,278,
272,272,272,277,290,373,367,367,370,421,429,429,429,644,490]} 1. d4 Nf6 2. Nf3
g6 3. Bg5 Bg7 4. Nbd2 d5 5. c3 O-O 6. e3 Nbd7 7. Bd3 Re8 8. O-O e5 9. dxe5 Nxe5
10. Nxe5 Rxe5 11. Nf3 Re8 12. h3 Qd6 13. a4 a5 14. Qb1 b6 15. Bf4 Qe7 16. Bb5
Bd7 17. Ne5 Bxb5 18. axb5 Ne4 $2 {Mistake. Qc5 was best.} (18... Qc5 19. Qd3
Nh5 20. Nd7 Qe7 21. Qxd5 Nxf4 22. exf4 Qe4 23. Qxe4 Rxe4 24. g3 Rae8 25. Rab1)
19. Nc6 Qe6 20. Qd3 Nc5 21. Qc2 a4 $2 {Mistake. Rac8 was best.} (21... Rac8)
22. Bxc7 Nb3 23. Rad1 Rec8 $6 {Inaccuracy. Qd7 was best.} (23... Qd7 24. Bg3
Nc5 25. Nb4 Qxb5 26. Nxd5 Ne6 27. e4 Ra7 28. f3 a3 29. bxa3 Rxa3 30. Bd6) 24.
Bxb6 Rxc6 25. bxc6 Qxc6 26. Bd4 Bf8 27. Rfe1 f5 28. Be5 Re8 29. Bf4 Re7 30. Qe2
Rb7 31. Qf3 Rb5 32. g4 fxg4 33. hxg4 Na5 $6 {Inaccuracy. Nc5 was best.} (33...
Nc5 34. Qxd5+ Qxd5 35. Rxd5 Rxb2 36. Rd8 Ne6 37. Ra8 a3 38. Kg2 Kf7 39. Be5 Nc5
40. Rh1) 34. e4 dxe4 35. Qxe4 Qxe4 36. Rxe4 Rxb2 37. Rxa4 Nb3 38. Rd8 Nc5 39.
Rxf8+ Kg7 40. Ra7+ {1-0 White wins.} 1-0

[Event "I Mem Mauricio Maghelly - ALEX 2023"]
[Site "Rio de Janeiro"]
[Date "2023.02.08"]
[Round "5.1"]
[White "Rangel, Daniel"]
[Black "Rodrigues, Nei Jorge"]
[Result "1/2-1/2"]
[WhiteElo "2220"]
[BlackElo "1845"]
[Annotator "Stockfish 15.1"]
[PlyCount "159"]
[EventDate "2023.01.30"]
[EventCountry "BRA"]

{[%evp 0,159,25,-51,19,-27,45,-9,11,11,28,-21,36,17,34,17,50,47,47,47,47,43,43,
18,0,3,39,29,37,-65,-61,-16,-58,-89,4,-57,-33,-33,-34,-42,-7,-11,6,-13,-13,3,3,
3,3,-4,-18,-18,-28,-28,17,-46,-51,-15,2,2,16,-49,2,-14,30,-31,0,0,0,0,18,0,0,0,
0,0,0,-71,0,0,0,0,0,0,0,-4,0,8,14,17,35,38,35,0,0,0,0,0,0,0,0,0,0,0,0,0,-8,-5,
0,0,0,0,0,0,0,0,0,0,0,0,0,0,0,0,0,0,0,0,0,0,0,0,0,0,0,-19,0,0,0,0,0,0,0,0,0,0,
0,0,0,-64,0,0,0,0,0,0,0,0,0,0,0,0]} 1. c4 c5 2. g3 g6 3. Bg2 Bg7 4. Nc3 Nf6 5.
e3 e6 6. Nge2 O-O 7. O-O a6 8. d4 cxd4 9. exd4 d5 10. cxd5 Nxd5 11. Qb3 Nc6 12.
h4 Nxd4 13. Nxd4 Bxd4 14. Rd1 Qf6 15. Ne4 Qg7 16. Bg5 $6 {Inaccuracy. Rxd4 was
best.} (16. Rxd4 Qxd4 17. Bh6 Bd7 18. Rd1 Qh8 19. Qxb7 Bb5 20. Bxf8 Rxf8 21. b3
Nc3 22. Rd2 Nxe4) 16... h6 17. Bc1 Kh7 18. Rb1 Rd8 19. Bd2 b6 20. Bc3 e5 21.
Bxd4 exd4 22. Ng5+ $6 {Inaccuracy. Rbc1 was best.} (22. Rbc1 Rb8) 22... hxg5
23. Bxd5 Ra7 24. hxg5 Bf5 25. Rbc1 Rad7 26. Bf3 b5 27. Rd2 Be6 28. Qa3 Rd6 $6 {
Inaccuracy. Qe5 was best.} (28... Qe5 29. Qxa6 Qxg5 30. Rcd1 Rd6 31. Qa3 Qe5
32. Be2 Bc4 33. Bf3 Rf6 34. Qa5 Rh8 35. b3) 29. Re1 Qf8 30. Qc5 $2 {Mistake.
b3 was best.} (30. b3 d3 31. Be4 Qh8 32. Qc5 Rd4 33. Qc7 Kg8 34. Qe7 Qe5 35.
Qf6 Qxf6 36. gxf6 Bf5) 30... Qg7 $2 {Mistake. Bxa2 was best.} (30... Bxa2 31.
Re4) 31. a3 Bc4 32. Qe5 Re6 33. Qxg7+ Kxg7 34. Rxe6 fxe6 35. Be4 e5 36. f4 Bd5
37. Bxd5 Rxd5 38. fxe5 $6 {Inaccuracy. Kf2 was best.} (38. Kf2 e4 39. Rd1 Rd8
40. Re1 Re8 41. Rd1 Rd8) 38... Rxe5 $6 {Inaccuracy. Kf7 was best.} (38... Kf7
39. Kf1 Ke6 40. Rf2 Rxe5 41. Rf6+ Ke7 42. Rxg6 d3 43. Rg7+ Ke6 44. Rg6+ Kd7 45.
Rg7+) 39. Rxd4 Rxg5 40. Rd7+ Kh6 41. Kf2 Rc5 42. Rd2 a5 43. Kf3 Kg5 44. Rd6 b4
45. axb4 axb4 46. Rb6 Rc4 47. Rb5+ Kf6 48. Rb6+ Kg5 49. Rb5+ Kf6 50. g4 Rd4 51.
Kg3 g5 52. Rf5+ Kg6 53. Rf3 Rd2 54. Rb3 Rd4 55. Re3 Rc4 56. Re6+ Kf7 57. Rb6
Rd4 58. Kf3 Rf4+ 59. Kg3 Rd4 60. Rb5 Rd3+ 61. Kf2 Rd2+ 62. Ke3 Rxb2 63. Rxg5 b3
64. Rb5 Kg6 65. Kf4 Rf2+ 66. Kg3 Rb2 67. Kh4 Rh2+ 68. Kg3 Rb2 69. Rb6+ Kg5 70.
Kf3 Rb1 71. Rb5+ Kg6 72. Rb6+ Kg5 73. Rb5+ Kg6 74. Kf4 Rf1+ 75. Ke3 Rg1 76. g5
Rxg5 77. Rxg5+ Kxg5 78. Kd2 b2 79. Kc2 b1=Q+ 80. Kxb1 {1/2-1/2 The game is a
draw.} 1/2-1/2

[Event "I Mem Mauricio Maghelly - ALEX 2023"]
[Site "Rio de Janeiro"]
[Date "2023.02.08"]
[Round "5.2"]
[White "De Souza, Vinicius Alcantara"]
[Black "Dias, Matheus Braga"]
[Result "0-1"]
[WhiteElo "1846"]
[BlackElo "1885"]
[Annotator "Stockfish 15.1"]
[PlyCount "74"]
[EventDate "2023.01.30"]
[EventCountry "BRA"]

{[%evp 0,27,34,34,66,55,123,138,138,81,87,87,63,0,65,-11,26,-7,19,-11,-16,-8,
-7,-3,2,2,745,509,527,521]} 1. e4 c5 2. Nf3 g6 $6 {Inaccuracy. d6 was best.} (
2... d6 3. c3 Nf6 4. h3 Nc6 5. Bd3 e5 6. O-O Be7 7. Bc2) 3. d4 cxd4 4. Nxd4 Nf6
5. Nc3 Nc6 6. g3 $6 {Inaccuracy. Nxc6 was best.} (6. Nxc6 dxc6 7. Qxd8+ Kxd8 8.
Bc4 Ke8 9. e5 Nd7 10. e6 fxe6) 6... Bg7 7. Bg2 O-O 8. O-O d6 9. Nxc6 bxc6 10.
e5 dxe5 11. Bxc6 Bg4 12. Qxd8 Raxd8 13. Be3 Rd6 14. Ba4 Bf3 15. Bxa7 Ra6 $6 {
Inaccuracy. e4 was best.} (15... e4) 16. Be3 e4 17. Bb5 Ra5 $2 {Mistake. Re6
was best.} (17... Re6) 18. Be2 $4 {Blunder. a4 was best.} (18. a4 Rc8 19. Bb6
Raa8 20. a5 Ng4 21. h3 Bxc3 22. bxc3 Nf6 23. Rfb1 Rxc3 24. a6 Rxc2) 18... Ng4
19. Bxf3 exf3 20. Rfd1 Rb8 $6 {Inaccuracy. Nxe3 was best.} (20... Nxe3) 21. Bf4
e5 22. Bc1 f5 23. a4 e4 24. h3 Nf6 25. Ra3 Raa8 $6 {Inaccuracy. Ne8 was best.}
(25... Ne8) 26. b3 Rd8 $6 {Inaccuracy. Bf8 was best.} (26... Bf8) 27. Rxd8+
Rxd8 28. a5 Nh5 29. Bb2 $4 {Blunder. Bg5 was best.} (29. Bg5 Rd7) 29... Bd4 $4
{Blunder. e3 was best.} (29... e3 30. Ra1 Rd2 31. Rf1 Bd4 32. a6 Rxf2 33. Ne2
Ba7 34. Be5 f4 35. gxf4 Rg2+ 36. Kh1) 30. Nd1 Ba7 31. Ne3 $4 {Blunder. Ra1 was
best.} (31. Ra1 Nxg3 32. Be5 Ne2+ 33. Kh2 Rd2 34. b4 Nd4 35. Rb1 Nb5 36. c4 Na3
37. Rc1 e3) 31... Nxg3 32. Kh2 Nh5 33. Bc3 Bb8+ 34. Kg1 f4 35. Ng4 Ba7 $6 {
Inaccuracy. Rd1+ was best.} (35... Rd1+ 36. Kh2 e3 37. h4 Ng3 38. Ra1 e2 39.
Nf6+ Kf7 40. Nxh7 Rxa1 41. Ng5+ Kg8 42. Nxf3) 36. Ra1 e3 37. fxe3 fxe3 {
0-1 Black wins.} 0-1

[Event "I Mem Mauricio Maghelly - ALEX 2023"]
[Site "Rio de Janeiro"]
[Date "2023.02.08"]
[Round "5.4"]
[White "Lopes, Eduardo Moraes"]
[Black "De Almeida, Roberto A. Ferreira"]
[Result "1-0"]
[WhiteElo "1744"]
[BlackElo "1708"]
[Annotator "Stockfish 15.1"]
[PlyCount "53"]
[EventDate "2023.01.30"]
[EventCountry "BRA"]

{[%evp 0,53,25,24,66,50,71,6,15,5,29,6,6,7,0,0,26,26,26,-4,57,57,93,111,106,
126,123,112,97,97,155,53,53,57,55,48,45,59,59,59,75,71,124,119,282,112,97,120,
166,177,328,584,584,584,29997,29998]} 1. e4 c5 2. Nf3 e6 3. c3 d5 4. exd5 exd5
5. Bb5+ Bd7 6. Bxd7+ Nxd7 7. O-O Be7 8. Re1 Ngf6 9. Qe2 Kf8 $6 {Inaccuracy.
Rc8 was best.} (9... Rc8) 10. d4 b6 $6 {Inaccuracy. h6 was best.} (10... h6)
11. Bf4 Ne4 12. Nbd2 Ndf6 13. Nxe4 dxe4 14. Nd2 Qd5 15. f3 $6 {Inaccuracy. Be5
was best.} (15. Be5 cxd4 16. Bxd4 h5 17. Bxf6 Bxf6 18. Nxe4 Qc6 19. Rad1 Be5
20. Nd2 Re8 21. Qa6 Bb8) 15... cxd4 16. Nxe4 Nxe4 17. fxe4 Qc5 18. cxd4 $6 {
Inaccuracy. Kh1 was best.} (18. Kh1) 18... Qxd4+ 19. Kh1 Bc5 $6 {Inaccuracy.
Qf6 was best.} (19... Qf6 20. Rf1 Qe6 21. Rac1 Kg8 22. Rc7 Bd8 23. Rc3 h5 24.
h3 Rc8 25. Rd3 Be7 26. Rd5) 20. Bg3 $6 {Inaccuracy. Rad1 was best.} (20. Rad1
Qf6 21. Rd7 h5 22. Rf1 Qe6 23. Qd3 Kg8 24. Bd2 Rf8 25. b4 Be7 26. h3 h4) 20...
g6 $4 {Blunder. h5 was best.} (20... h5 21. Rad1) 21. Rad1 $2 {Mistake. e5 was
best.} (21. e5 Be7 22. e6 f6 23. Rad1 Qc5 24. Qe4 Re8 25. Qb7 Qc8 26. Qxa7 h5
27. Qxb6 Qc5) 21... Qa4 $4 {Blunder. Qf6 was best.} (21... Qf6 22. Rf1 Qe6 23.
Be1 Be7 24. Bc3 f6 25. Qa6 Kg8 26. Qb7 Re8 27. e5 fxe5 28. Qxa7) 22. Rf1 $4 {
Blunder. Qf3 was best.} (22. Qf3 Be7 23. Be5 Rg8 24. Rf1 Qe8 25. Rd7 Rg7 26.
Bxg7+ Kxg7 27. Qc3+ Kg8 28. Qc7 Bd8) 22... h5 23. e5 Re8 24. e6 f5 $6 {
Inaccuracy. Rh7 was best.} (24... Rh7 25. Qe5) 25. Qe5 Kg8 26. Qf6 Rh6 $4 {
Checkmate is now unavoidable. Kh7 was best.} (26... Kh7 27. Rd7+ Qxd7 28. exd7
Re7 29. Qxh8+ Kxh8 30. d8=Q+ Kh7 31. Qxe7+ Bxe7 32. Rd1 Kh6 33. Bf2) 27. Qf7+ {
1-0 White wins.} 1-0

[Event "I Mem Mauricio Maghelly - ALEX 2023"]
[Site "Rio de Janeiro"]
[Date "2023.02.08"]
[Round "5.6"]
[White "Carvalho, Joao Galetti"]
[Black "Rial, Antonio Marcos Pino"]
[Result "1/2-1/2"]
[WhiteElo "1531"]
[BlackElo "1635"]
[Annotator "Stockfish 15.1"]
[PlyCount "130"]
[EventDate "2023.01.30"]
[EventCountry "BRA"]

{[%evp 0,130,19,26,20,47,73,68,68,36,39,13,27,-21,-21,-9,-7,-16,-16,-9,-9,-49,
-58,-102,-86,-86,-86,-66,-70,-66,-17,-73,-2,-53,-1,-63,-63,-53,-33,-34,-33,
-218,-231,-364,-231,-231,-231,-333,-228,-228,-228,-228,-228,-240,-261,-255,
-255,-254,-233,-221,-170,-181,-172,-173,-174,-151,-100,-93,-91,-125,-112,-112,
-112,-127,-116,-113,-105,-105,-79,-79,-79,-136,-34,-34,-34,-48,-58,-68,-39,-58,
-42,-42,-12,-48,-40,-36,-34,-33,38,46,38,38,38,38,147,38,38,26,45,34,42,42,42,
40,42,42,42,0,14,0,156,203,203,204,258,0,0,0,0,0,0,0,0]} 1. e4 Nc6 2. d4 e5 3.
d5 Nce7 4. c4 Ng6 5. Nc3 Bc5 6. g3 Nf6 7. Bg2 O-O 8. Nge2 a6 9. O-O d6 10. Kh1
$6 {Inaccuracy. h3 was best.} (10. h3 Bd7 11. a3 Ba7 12. Qd3 c6 13. Be3 Bxe3
14. Qxe3 cxd5 15. Nxd5 Nxd5 16. cxd5 b5) 10... Bd7 11. f4 $6 {Inaccuracy. f3
was best.} (11. f3 b5 12. Qd3 Rb8 13. a3 bxc4 14. Qxc4 a5 15. Rb1 h6 16. b4
axb4 17. axb4 Bb6) 11... exf4 12. Nxf4 Ne5 13. Nd3 Bg4 14. Qc2 Bd4 15. b3 $6 {
Inaccuracy. h3 was best.} (15. h3 Bh5) 15... Qd7 $6 {Inaccuracy. Bxc3 was best.
} (15... Bxc3 16. Qxc3) 16. Bf4 Ng6 17. Bd2 Bh3 18. Rae1 Bxg2+ 19. Kxg2 Qg4 20.
Nf2 $4 {Blunder. Qd1 was best.} (20. Qd1 Rfe8) 20... Nh4+ 21. Kg1 Nf3+ 22. Kg2
Nh4+ 23. Kg1 Nf3+ 24. Kg2 Nxe1+ 25. Bxe1 Qg6 26. Bd2 Rae8 27. Re1 Bxf2 28. Kxf2
Ng4+ 29. Kg2 Qh5 30. h3 Ne5 31. Rf1 Qg6 32. Ne2 f6 $6 {Inaccuracy. Nd7 was
best.} (32... Nd7 33. Rf5 Qxf5 34. exf5 Rxe2+ 35. Kf1 Rfe8 36. c5 Nf6 37. b4
Rh2 38. cxd6 cxd6 39. Kg1) 33. Nf4 Qf7 34. Ne6 Rxe6 35. dxe6 Qxe6 36. Bc3 Re8
37. Qd1 $6 {Inaccuracy. Re1 was best.} (37. Re1 b6 38. Qd2 Kf8 39. Qd5 Qc8 40.
g4 h6 41. a4 a5 42. Rf1 Qe6 43. Re1 Qd7) 37... Nd7 $6 {Inaccuracy. Nf7 was
best.} (37... Nf7 38. Re1 Ng5 39. Qd5 c6 40. Qxe6+ Rxe6 41. e5 fxe5 42. c5 dxc5
43. Rxe5 Rxe5 44. Bxe5) 38. Qd5 c6 39. Qxe6+ Rxe6 40. Rd1 $2 {Mistake. Kf3 was
best.} (40. Kf3 Re8 41. h4 Kf7 42. Rd1 Ke6 43. g4 Ne5+ 44. Kg3 Rf8 45. a4 Rb8
46. h5 b5) 40... c5 $4 {Blunder. Nc5 was best.} (40... Nc5 41. Bb4 Nxe4 42. g4
b6 43. h4 a5 44. Ba3 Nc3 45. Rd2 Kf7 46. Rc2 Ne4 47. Bb2) 41. Kf3 Kf7 42. g4
Ke7 43. Rd5 $6 {Inaccuracy. a4 was best.} (43. a4 Nb8 44. Rd5 Nc6 45. a5 h6 46.
h4 Kd7 47. g5 fxg5 48. hxg5 Rg6 49. gxh6 Rxh6) 43... g6 $6 {Inaccuracy. b5 was
best.} (43... b5) 44. a4 Nb6 45. Rd2 Nc8 46. a5 Kd7 47. Kf4 Kc6 48. h4 Re8 $2 {
Mistake. Ne7 was best.} (48... Ne7 49. h5 g5+ 50. Ke3 f5 51. gxf5 Nxf5+ 52. Kf3
Nh4+ 53. Ke3 Rh6 54. e5 Nf5+ 55. Ke4) 49. Bxf6 Rf8 $6 {Inaccuracy. b6 was best.
} (49... b6) 50. g5 $2 {Mistake. Kg5 was best.} (50. Kg5 b6 51. axb6 Nxb6 52.
e5 dxe5 53. Bxe5 Rf3 54. Rd6+ Kb7 55. Rf6 Rxb3 56. Rf7+ Ka8) 50... Ne7 51. Ke3
Ng8 $4 {Blunder. Re8 was best.} (51... Re8 52. e5 Nf5+ 53. Kf4 dxe5+ 54. Bxe5
b6 55. axb6 Kxb6 56. h5 Kc6 57. Ra2 Kb6 58. Bf6) 52. Bc3 $4 {Blunder. e5 was
best.} (52. e5 dxe5 53. Bxe5 Re8 54. Ke4 Re6 55. Rd8 Ne7 56. Rh8 Kd7 57. Rxh7
Ke8 58. Kf4 Nc6) 52... Ne7 53. Rh2 Rf7 54. h5 gxh5 55. Rxh5 Ng6 56. Bf6 Kd7 57.
Rh2 Ke6 58. Rf2 Ne5 59. Bxe5 dxe5 $4 {Blunder. Rxf2 was best.} (59... Rxf2 60.
Kxf2 Kxe5 61. Ke3 Ke6 62. Kf4 Ke7 63. e5 dxe5+ 64. Kxe5 Kf7 65. Kf5 Ke7) 60.
Rxf7 Kxf7 61. Kf3 Kg7 62. Kg4 $4 {Blunder. Kg3 was best.} (62. Kg3 Kg6 63. Kg4
Kf7 64. Kf5 Kg7 65. Kxe5 Kg6 66. Kf4 Kf7 67. Kf5 Kg7 68. e5 Kf7) 62... Kg6 63.
Kh4 h6 64. gxh6 Kxh6 65. Kg4 Kg6 {1/2-1/2 The game is a draw.} 1/2-1/2